IAS 11 construction contracts

Guardado en:
Detalles Bibliográficos
Autor principal: Meluchová, Jitka, 1965-
Otros Autores: Mateášová, Martina, 1979-
Formato: Capítulo de libro
Lenguaje:inglés
Materias:
Etiquetas: Agregar Etiqueta
Sin Etiquetas, Sea el primero en etiquetar este registro!

MARC

LEADER 00000naa$a2200000$$$4500
001 0166173
005 20240502072909.6
041 0 |a eng 
044 |a SK 
245 1 0 |a IAS 11 construction contracts  |c Jitka Meluchová, Martina Mateášová 
610 2 0 |a štandardy účtovné medzinárodné 
610 2 0 |a zmluvy 
100 1 |a Meluchová, Jitka, 1965- 
700 1 |a Mateášová, Martina, 1979-